00411nam a2200169Ia 4500003000400000005001700004008004100021020001500062050002300077100001500100245003700115260003500152300003300187440000600220521000700226526000800233OSt20140321085303.0140130s9999 xx 000 0 und d a0516251740 aHG 179b.H473 2005 aHill, Mary cMary HillaSpending and saving / bScholastic,c2005.aNew York : a24 p. :bcol. ill. ;c16 cm. v1 aG1 c250